00522 2200193 4500001002100000005001500021035002000036008004100056245002800097100002700125260004300152300002300195020001800218084001400236082000800250650001800258600002600276990002600302INLIS00000000000020420240108023613 a0010-0823000204240108 0 ind 1 aMuhammad An Annaka Tara aAidh Abdullah Al-Qarny aJakarta :bCakrawala Publishing,c2005 a178 hlm. ;c21 cm. a979-3785-18-7 a2X9 ALQ m a2X9 4aSejarah Islam 4aSejarah Nabi Muhammad a0773/STITINKA/01/2023